| 000 | 00373 a2200157 4500 | ||
|---|---|---|---|
| 003 | Nust | ||
| 005 | 20230316103547.0 | ||
| 040 | _cNust | ||
| 082 | _a491.44,HUQ | ||
| 100 |
_aM. Huq _9110372 |
||
| 245 |
_aEasy Bengali : _ba Self Teaching Book / _cM.Huq, B. M Mills |
||
| 260 |
_aDacca _bB.M.mills _61970 |
||
| 300 | _a119:p | ||
| 650 |
_aBengal _9110373 |
||
| 942 |
_2ddc _cBK |
||
| 999 |
_c187867 _d187867 |
||